Alla breve ; from Bach to Debussy.

Bibliographic Details
Main Author: Engel, Carl, 1883-1944
Format: Book
Language:English
Published: Freeport, N.Y. : Books for Libraries Press, [1970]
Series:Essay index reprint series
Subjects:

MARC

Tag First Indicator Second Indicator Subfields
LEADER 00000cam a2200000 4500
001 in00000191663
005 20151009051433.0
008 710122r1970 nyu 00000ceng
010 |a  71128238  
020 |a 083691919X 
035 |a (OCoLC)00112540 
035 |9 AAV5748AM 
040 |a DLC  |c DLC  |d TXA  |d UtOrBLW 
049 |a TXAM  |c [853932] 
050 0 0 |a ML390  |b .E54 1970 
082 0 |a 780/.922  |a B 
100 1 |a Engel, Carl,  |d 1883-1944. 
245 1 0 |a Alla breve ;  |b from Bach to Debussy. 
264 1 |a Freeport, N.Y. :  |b Books for Libraries Press,  |c [1970] 
264 4 |c [©1921] 
300 |a xxii, 286 pages ;  |c 23 cm. 
336 |a text  |b txt  |2 rdacontent 
337 |a unmediated  |b n  |2 rdamedia 
338 |a volume  |b nc  |2 rdacarrier 
490 0 |a Essay index reprint series 
650 0 |a Composers  |v Biography. 
999 |a MARS 
999 f f |s c84aaee3-80a8-3e6b-a7f6-6c98d664680a  |i 843bc759-459b-3906-871c-cf9456f58f31  |t 0 
952 f f |p ric  |a Texas A&M University  |b Rellis Campus  |c Joint Library Facility  |d Remote Storage  |t 0  |e ML390 .E54 1970  |h Library of Congress classification  |i unmediated -- volume  |m A14803353378 
998 f f |a ML390 .E54 1970  |t 0  |l Remote Storage